000 00573nam a2200205Ia 4500
003 GCL
008 140319s9999 xx 000 0 eng d
040 _aGCL /
_cGCL
082 0 4 _a333.715
_bH N
100 1 _aHUTCHINSON, CHARLESS
245 1 0 _aNATURAL RESOURCE AND ENVIRONMENTAL INFORMATION FOR DECISION MAKING /
_cHUTCHINSON, CHARLESS
700 1 _aHASSAM, HASSAN M.
260 _a[S.N] :
_bTHE WORLD BANK ،
_c1992
300 _a164 P
650 0 4 _aENVIRONMENT
650 0 4 _aMANAGEMENT
650 0 4 _aWORLD BANK
650 0 4 _aDECISION - MAKING
942 _2ddc
_cBK
999 _c17127
_d17127